Lập trình điều khiển Arduino từ cơ bản đến nâng cao
Cuốn sách này mong muốn phổ cập ngôn ngữ C đến với nhiều bạn có mong muốn tìm hiểu lập trình máy tính.
Spremljeno u:
| Glavni autor: | |
|---|---|
| Daljnji autori: | |
| Format: | Knjiga |
| Jezik: | Vietnamese |
| Izdano: |
H.
Thanh niên
2021
|
| Serija: | Tủ sách STK
|
| Teme: | |
| Oznake: |
Dodaj oznaku
Bez oznaka, Budi prvi tko označuje ovaj zapis!
|
| Thư viện lưu trữ: | Thư viện Trường Đại học Nam Cần Thơ |
|---|
| LEADER | 01039nam a22002177a 4500 | ||
|---|---|---|---|
| 001 | NCT_143429 | ||
| 008 | 181017b xxu||||| |||| 00| 0 vie d | ||
| 999 | |c 7385 |d 7385 | ||
| 020 | |a 9786043229646 |c 178000 | ||
| 082 | 0 | 4 | |2 23rd ed. |a 629.89 |b H103 |
| 100 | 1 | |a Nguyễn Văn Đông Hải | |
| 245 | 1 | 0 | |a Lập trình điều khiển Arduino từ cơ bản đến nâng cao |c Nguyễn Văn Đông Hải, Phạm Quang Huy |
| 260 | |a H. |b Thanh niên |c 2021 | ||
| 300 | |a 439 tr. |b Minh họa |c 24cm | ||
| 490 | 0 | |a Tủ sách STK | |
| 520 | 3 | |a Cuốn sách này mong muốn phổ cập ngôn ngữ C đến với nhiều bạn có mong muốn tìm hiểu lập trình máy tính. | |
| 653 | |a Công nghệ kỹ thuật ô tô | ||
| 700 | 1 | |a Phạm Quang Huy | |
| 942 | |2 ddc |c BK | ||
| 952 | |0 0 |1 0 |2 ddc |4 0 |6 629_890000000000000_H103 |7 0 |9 26540 |a 000001 |b 000001 |d 2022-12-22 |o 629.89 H103 |p MD.20937 |r 2022-12-22 |v 178000.00 |w 2022-12-22 |y BK | ||
| 980 | |a Thư viện Trường Đại học Nam Cần Thơ | ||


